000 00526nam a2200157 a 4500
001 000030149
005 20200930060102.0
008 110503s2005 dr ac 000 0 spa d
020 _a9993482196
040 _aDO-SdBNP
_bspa
_cBNPHU
110 1 _aCentro para el Desarrollo Agropecuario y Forestales, (CEDAF)
_956860
245 1 0 _aMemoria anual CEDAF 2004 /
_cpresentación José Miguel Bonetti.
260 _aSanto Domingo :
_bCEDAF,
_c2005.
300 _a86 p. :
_bil., retrs. ;
_c28 cm.
700 1 _aBonatti, José Miguel
_956859
999 _c29641
_d29641